| 000 | 00629nam a22001817a 4500 | ||
|---|---|---|---|
| 005 | 20140310183636.0 | ||
| 008 | 131127b xxu||||| |||| 00| 0 eng d | ||
| 050 |
_aRC 553.A88 _b.T253 2000 |
||
| 245 |
_aTeaching filipino children with autism / _bEdilberto I. Dizon, Trinidad C. Baldo, Erlinda F. Camara; editors. |
||
| 250 | _arev. ed. 2000 | ||
| 260 |
_a[.S.l.] : _b[S.n.], _c2000. |
||
| 300 |
_a161 p. : _bill. ; _c28 cm. |
||
| 521 | _aEDU | ||
| 650 |
_a Autism-- _vchildren _vstudy and teaching _xPhilippines. |
||
| 650 |
_a 2. Autistic _vchildren _vstudy and teaching _xPhilippines |
||
| 942 |
_2lcc _cBK _kLOC |
||
| 999 |
_c25718 _d25718 |
||